២០០ សំណើច ២០០ សំណួរ ដើម្បីសុខភាព​ / (Record no. 1348)

MARC details
000 -LEADER
fixed length control field 00982nam a22002537a 4500
005 - DATE AND TIME OF LATEST TRANSACTION
control field 20230818132714.0
020 ## - INTERNATIONAL STANDARD BOOK NUMBER
International Standard Book Number 9789996393150
040 ## - CATALOGING SOURCE
Original cataloging agency FISKH
Language of cataloging eng
Transcribing agency FISKH
Modifying agency FISKH
082 ## - DEWEY DECIMAL CLASSIFICATION NUMBER
Classification number 613.7046
100 ## - MAIN ENTRY--PERSONAL NAME
Personal name Nidamony, Thoung
245 ## - TITLE STATEMENT
Title ២០០ សំណើច ២០០ សំណួរ ដើម្បីសុខភាព​ /
Statement of responsibility, etc. រៀបរៀងដោយ វេជ្ជបណ្ឌិត ថោង​នីដាមុនី​
260 ## - PUBLICATION, DISTRIBUTION, ETC.
Place of publication, distribution, etc. Phnom Penh:
Name of publisher, distributor, etc. Life Growth,
Date of publication, distribution, etc. 2014.
300 ## - PHYSICAL DESCRIPTION
Extent 383 pages :
Dimensions 20 cm
505 ## - FORMATTED CONTENTS NOTE
Formatted contents note Z'
520 ## - SUMMARY, ETC.
Summary, etc. ២០០ សំណួរ នឹងលើកមកចោទសួរទាក់ទងទៅនឹងបញ្ហាសុខភាព។
520 ## - SUMMARY, ETC.
Summary, etc. 200 questions to ask about health issues.
521 ## - TARGET AUDIENCE NOTE
Target audience note 1000 <br/>
Source Lexile estimate<br/>
521 ## - TARGET AUDIENCE NOTE
Target audience note Z'<br/>
Source Raz-Plus <br/>
650 ## - SUBJECT ADDED ENTRY--TOPICAL TERM
Topical term or geographic name entry element Health
650 ## - SUBJECT ADDED ENTRY--TOPICAL TERM
Topical term or geographic name entry element សុខភាព
942 ## - ADDED ENTRY ELEMENTS (KOHA)
Source of classification or shelving scheme Dewey Decimal Classification
Koha item type Books
Suppress in OPAC No
999 ## -
-- 1348
-- 1348
Holdings
Withdrawn status Lost status Source of classification or shelving scheme Damaged status Not for loan Collection Home library Current library Shelving location Date acquired Total Checkouts Full call number Barcode Date last seen Date last checked out Price effective from Koha item type
    Dewey Decimal Classification     Khmer Language Books / សៀវភៅភាសាខ្មែរ Footprints International School Library Network Toul Kork Campus Footprints International School Library Network Toul Kork Campus TK Campus, Room B402, Khmer Book Case 16, Shelves 112-123 / ទូរសៀវភៅខ្មែរលេខ ១៦​ ធ្នើរ ១១២ ដល់ ១២៣ បន្ទប់ B402 សាខាទួលគោក 08/18/2023 1 NID 613.7046 2023-0295 09/06/2023 08/18/2023 08/18/2023 Books